Score 0/24 Timer 10:00
0 Plays Today
Question Answer Wrong Answers
What is the name of Mac's late wife? Claire Conrad-Taylor
91.8%
Cara Conrad-Taylor
2.7%
Clara Conrad-Taylor
2.7%
Clarissa Conrad-Taylor
2.7%
Who is Jessica's boyfriend and fellow detective? Don
89.1%
Mac
2.7%
Danny
2.7%
Sheldon
1.8%
What is the name of Danny's and Lindsay's daughter Lucy
88.2%
Laura
2.7%
Louise
0%
Lara
0%
How did Mac's late wife die She was trapped in one of the Twin Towers during 9/11
86.4%
She was a hit and run victim
1.8%
She was stabbed to death
1.8%
She was shot to death
0.9%
Who is shot and killed by lindsay? Shane casey
85.5%
Robert dunbrook
5.5%
Sheldon
0%
Don
0.9%
What is Lindsay's maiden name Monroe
84.5%
Taylor
1.8%
Bonsera
3.6%
Ross
0.9%
Who is her godfather Mac
84.5%
Don
3.6%
Adam
1.8%
Sid
0.9%
Before joining the police force, what other job did Mac have? He was in the US Marine corps
84.5%
He wss a security guard
4.5%
He was a paramedic
1.8%
He was a fireman
1.8%
During a conversation she's having with Mac when they are stood at a table outside cafe, what falls into Stella's cup of coffee? A human eye
83.6%
A dog's eye
6.4%
A cat's eye
4.5%
Who did Vanessa Ferlito play in csi ny before she (the character) was killed off Aiden Burn
81.8%
Lindsay Messer
1.8%
Stella Bonsera
2.7%
Jo Danville
4.5%
What happened to Lindsay's friends when she was younger They were shot
80.9%
They were stabbed to death
8.2%
Their throats were slit
0.9%
Their necks were broken
0.9%
Apart from English, what other language can Stella speak? Greek
80.9%
French
3.6%
German
3.6%
Spanish
5.5%
What is the name of Mac's fiancée Christine
80%
Aiden
3.6%
Stella
1.8%
Jo
5.5%
Who leaves Mac's team at the end of season 6 tovrun their own lab in New Orleans Stella
77.3%
Lindsay
2.7%
Danny
5.5%
Jo
5.5%
Who's brother is so badly beaten that he later dies from his injuries Danny's
77.3%
Don's
7.3%
Stella's
7.3%
Lindsay's
0%
What is her son's name? Reed Garret
75.5%
Reed Conrad
14.5%
Reed Taylor
6.4%
Reed Conrad-Taylor
2.7%
Who promises Don that they'll be with Jess during her autopsy? Sid
71.8%
Payton
4.5%
Sheldon
11.8%
Stella
7.3%
What is the name of the crossover episode in which we are first introduced to Mac and his team Miami/New York Non-stop
65.5%
Cross Jurisdictions
13.6%
Vegas/New York none stop
6.4%
Miami / New York start/stop
5.5%
What happens to him in one of the 'Cabbie Killer' episodes? His throat is slightly cut
61.8%
His wrist is slit
9.1%
He's stabbed in the chest
6.4%
He's stabbed in the stomach
20%
Who punches a wall in the hospital when he finds out Jessica has past away? Danny
60%
Sheldon
3.6%
Mac
2.7%
Don
30%
During a conversation she is having with Don in a car, how old would Jessica have been if it was upto her dad and brothers before she found out about men? 21
47.3%
18
12.7%
25
35.5%
What happens to detective Jessica Angell? She's killed during in a kidnapping in a cafe
47.3%
She's stabbed to death in a kidnapping in a cafe
4.5%
She's ran over by a big rig during a kidnapping in a cafe
5.5%
She's shot by a person in the cafe during a kidnapping
40%
If the Miami CSIs drive HUMMERS, what vehicles do the new York CSIs drive? An avalanche
46.4%
An escalde
28.2%
Nissan
10%
Ford
9.1%
In season one, who disobeys a direct order from Mac Danny
40.9%
Stella
5.5%
Aiden
40.9%
Flack
4.5%

You're not logged in!

Compare scores with friends on all Sporcle quizzes.
OR
Log In

Sporcle TV

Today on Sporcle TV


Watch our educational content, quiz creation guides, and fun videos on Sporcle TV.

Show Comments

Extras

Created Jan 26, 2017ReportNominate
Tags:Character, CSI

Top Quizzes Today


Score Distribution

Paid Content

Your Account Isn't Verified!

In order to create a playlist on Sporcle, you need to verify the email address you used during registration. Go to your Sporcle Settings to finish the process.

Report this User

Report this user for behavior that violates our Community Guidelines.

Details: